Palomita blanca

保存先:
書誌詳細
第一著者: Lafourcade Valdenegro, Enrique (autor)
フォーマット: 図書
言語:スペイン語
出版事項: Santiago Zig-Zag 2010
シリーズ:Obras Escogidas
主題:
タグ: タグ追加
タグなし, このレコードへの初めてのタグを付けませんか!

MARC

LEADER 00000cam a2200000 a 4500
001 UCF1898
003 CL-VaPUC
008 120802e20100000CL |||||||||||||||||spa|d
020 |a 9789561218611 
082 0 4 |a Ch863  |b LAF  |2 21 
100 |a Lafourcade Valdenegro, Enrique  |e autor  |9 543407 
245 1 0 |a Palomita blanca 
300 |a 190 p 
942 |c BK 
945 |d 20120802 00:00:00  |a cmena 
260 |a Santiago  |b Zig-Zag  |c 2010 
500 |a Durante los tormentosos sucesos sociales y políticos de los años 1970 y 1971, una muchacha se enamora de un joven de un nivel socioeconómico superior al de ella. Es un amor adolescente, con su carga de inseguridades, alegrías y sufrimientos, que durante más de dos décadas los jóvenes chilenos han hecho suyos. Más de un millón de los lectores han seguido los difíciles acontecimientos que viven los protagonistas del libro 
650 0 |a Novelas chilenas   |9 265425 
650 0 |a Literatura chilena   |9 308278 
583 |a last modification  |c 20120802 10:35:00  |k Rodrigo Vera 
490 0 |a Obras Escogidas 
999 |c 348586  |d 348584 
952 |0 0  |1 0  |4 0  |6 CH_863_000000000000000_LAF_2010  |7 0  |8 A  |9 450671  |a BIBEDU  |b BIBEDU  |d 2019-11-22  |i 4884574  |o Ch863 LAF 2010  |p 4884574  |r 2019-11-22  |w 2019-11-22  |y BK  |k BME